ইসলামী আদর্শবাদের সংক্ষিপ্ত মর্মকথা / (Record no. 57123)
[ view plain ]
| 000 -LEADER | |
|---|---|
| fixed length control field | 00843nam a22002291a 4500 |
| 001 - CONTROL NUMBER | |
| control field | 57123 |
| 003 - CONTROL NUMBER IDENTIFIER | |
| rucl marc code | BD-RjUL |
| 005 - DATE AND TIME OF LATEST TRANSACTION | |
| control field | 20211209080454.0 |
| 008 - FIXED-LENGTH DATA ELEMENTS--GENERAL INFORMATION | |
| fixed length control field | 161206s1971 bg a b 000 0 ben |
| 035 ## - SYSTEM CONTROL NUMBER | |
| System control number | (BD-RjUL)57247 |
| 040 ## - CATALOGING SOURCE | |
| Original cataloging agency | DLC |
| Transcribing agency | OClU |
| Modifying agency | BD-RjUL |
| Language of cataloging | eng |
| 041 ## - LANGUAGE CODE | |
| Language code of text/sound track or separate title | eng |
| 082 00 - DEWEY DECIMAL CLASSIFICATION NUMBER | |
| Classification number | 297 |
| Author mark and year | KAI 1971 |
| Edition number | 23 |
| 100 1# - MAIN ENTRY--PERSONAL NAME | |
| Personal name | করীম, মুহম্মদ নুরুল |
| 9 (RLIN) | 8378 |
| 245 10 - TITLE STATEMENT | |
| Title | ইসলামী আদর্শবাদের সংক্ষিপ্ত মর্মকথা / |
| Statement of responsibility, etc. | মুহম্মদ নুরুল করীম |
| 250 ## - EDITION STATEMENT | |
| Edition statement | ২য় সং. |
| 260 ## - PUBLICATION, DISTRIBUTION, ETC. (IMPRINT) | |
| Place of publication, distribution, etc. | ঢাকা : |
| Name of publisher, distributor, etc. | আবু দাউদ এন্ড ব্রাদার্স, |
| Date of publication, distribution, etc. | ১্৯৭১. |
| 300 ## - PHYSICAL DESCRIPTION | |
| Pagination | ১৫২ পৃ. ; |
| Size | ২।৩ সেমি. |
| 650 #0 - SUBJECT ADDED ENTRY--TOPICAL TERM | |
| Topical term or geographic name as entry element | ইসলাম |
| 9 (RLIN) | 8216 |
| Topical term or geographic name as entry element | Islam |
| 9 (RLIN) | 8379 |
| 942 ## - ADDED ENTRY ELEMENTS (KOHA) | |
| Source of classification or shelving scheme | Dewey Decimal Classification |
| Koha item type | Books |
| Lost status | Source of classification or shelving scheme | Damaged status | Not for loan | Collection code | Permanent Location | Current Location | Shelving location | Date acquired | Source of acquisition | Total Checkouts | Full call number | Date last seen | Copy number | Koha item type |
|---|---|---|---|---|---|---|---|---|---|---|---|---|---|---|
| Dewey Decimal Classification | Not For Loan | Non-fiction | Central Library, University of Rajshahi | Central Library, University of Rajshahi | Reading Room | 25/06/1981 | Author, gift | B 297 KAI 1971 | 06/12/2016 | C-1 | Books |